Foreign Election Intervention by the US: Post-WWII to 2000 - Statistics

General Stats
  • This quiz has been taken 69 times
  • The average score is 24 of 45
Answer Stats
Year(s) Countries % Correct
1953, 1962 Brazil
84%
1953 West Germany
82%
1948, 1958, 1963, 1968, 1972, 1976, 1983 Italy
81%
1984, 1989 Panama
81%
1946 Argentina
79%
1964, 1970, 1988 Chile
77%
1958 Guatemala
77%
1987 United Kingdom
77%
1980 Iran
75%
1952, 1953, 1958, 1960, 1963 Japan
75%
1966, 1986 Costa Rica
74%
1982, 1984 El Salvador
74%
1990 Nicaragua
74%
1961, 1971 South Vietnam
74%
1966 Dominican Republic
72%
1962 Peru
72%
1958, 1961 Greece
70%
1996 Russia
67%
1955, 1958, 1960, 1967 Laos
65%
1964, 1966 Bolivia
61%
1993 Cambodia
61%
1969 Thailand
60%
1949, 1992, 1996, 1999 Israel
58%
1971 Uruguay
58%
1992, 2000 Yugoslavia/Serbia
58%
1953 Indonesia
54%
1953, 1957, 1961 Philippines
51%
1994 Ukraine
51%
1984 Grenada
49%
1968 Guyana
47%
1990, 1991 Bulgaria
46%
1980 Jamaica
46%
1990, 1992 Romania
46%
1959 Malaysia
42%
1990 Czechoslovakia
35%
1957 Lebanon
35%
1991, 1992 Albania
30%
1959 Nepal
28%
1964 Somalia
25%
1956 Iceland
21%
1956, 1960 x2, 1965 Sri Lanka
21%
1998 Slovakia
19%
1971 Malta
7%
1959 San Marino
5%
1982 Mauritius
2%
No matching quizzes found
Score Distribution
Percent of People with Each Score
Percentile by Number Answered
Your Score History
You have not taken this quiz